000071495 001__ 71495 000071495 005__ 20180822112418.0 000071495 037__ $$aGDOC-2017-25704 000071495 041__ $$aspa 000071495 041__ $$aeng 000071495 100__ $$0(orcid)0000-0001-8095-4450$$1386651$$aLUISA ORERA, ORERA 000071495 24500 $$925704$$aFormación, desarrollo y mantenimiento de colecciones bibliotecarias 000071495 24200 $$925704$$aThe Creation, Development and Maintenance of Library Collections 000071495 260__ $$aZaragoza$$bUniversidad de Zaragoza$$c2017-2018 000071495 520__ $$aBreve presentación de la asignatura Se trata de unaasignatura de carácter teoríco-práctico, que tiene como objetivo acercar al alumno al concepto de colección bibliotecaria, así como a los principales procesos necesarios para su planificación, desarrollo, mantenimiento y conservación de la misma. Teniendo en cuenta que existe una variada tipología bibliotecaria (bibliotecas nacionales, universitarias, públicas, escolares y especializadas), una vez que los alumnos han adquirido los conceptos generales relacionados con el desarrollo y mantenimiento de las colecciones, éstos se contextualizan, aplicándolos a las características propias de cada uno de los tipos de bibliotecas. Con todo lo anterior se pretende conseguir que el alumno adquiera conocimientos, tanto teóricos como prácticos, que le permitan desarrollar en un futuro las colecciones bibliotecarias de los diferentes tipos de bibliotecas, así como plasmarlas en planes de desarrollo de colecciones, de acuerdo con los principios científicos y técnicos de la Biblioteconomía. 000071495 521__ $$9106$$aGraduado en Información y Documentación$$bDegree in Information Management 000071495 540__ $$aby-nc-sa$$bCreative Commons$$c3.0$$uhttp://creativecommons.org/licenses/by-nc-sa/3.0/ 000071495 830__ $$9268 000071495 8564_ $$s16567$$uhttps://zaguan.unizar.es/record/71495/files/guia-25704-es.pdf$$yGuía (idioma español) 000071495 8564_ $$s7121$$uhttps://zaguan.unizar.es/record/71495/files/guia-25704-en.pdf$$yGuide (english) 000071495 970__ $$aGDOC-2017-25704 000071495 980__ $$aGDOC$$bCiencias Sociales y Jurídicas$$bSocial Sciences and Law$$c103